01729nam a2200445 i 450000100060000000300090000600500170001500800390003201500180007102000150008904000280010404500170013204600090014908000160015808000120017424502750018626000760046130000440053733600270058133700540060833800280066238000170069038000230070738800100073050400440074064800140078464800140079865000310081265000110084365100110085465100120086565500300087765800130090765800380092070000430095871000310100171000610103285600980109385600920119140569KOSZ 00520240405063132.0200605s2001 pl a g 001 0 pol aPB 2007/13229 a8388283707 aWA NcWA NdKOSZ 005/RW bd1918bd1919 k2001 a94(438).081 a94(477)00aWalki o Lwów i Małopolskę Wschodnią 1918-1919 :bwybór materiałów źródłowych.nT. 3,p1 marca 1919 r. - 30 kwietnia 1919 r. /cwstęp, wybór dokumentów i opracowanie Bogusław Polak ; Politechnika Koszalińska. [Wydział Ekonomii i Zarządzania]. aKoszalin :bWydawnictwo Uczelniane Politechniki Koszalińskiej,c2001. a411, [14] stron :bilustracje ;c24 cm. aTekstbtxt2rdacontent aBez urządzenia pośredniczącegobn2rdamedia aWoluminbnc2rdacarrier aKsiążki. aPublikacje naukowe a2001- aBibliografia na stronach 18-19. Indeks. 7a1901-2000 7a1918-1939 7aBitwa o Lwów (1918-1919) 7aWojsko 7aPolska 7aUkraina 7aWydawnictwo źródłowe aHistoria aBezpieczeństwo i wojskowość1 aPolak, Bogusławd(1945-)eOpracowanie2 aPolitechnika Koszalińska2 aWydawnictwo Uczelniane (Politechnika Koszalińska)4pbl uhttp://koha.tu.koszalin.pl/cgi-bin/koha/opac-detail.pl?biblionumber=40569yKatalog online BPK uhttp://dlibra.tu.koszalin.pl/dlibra/docmetadata?id=1266&from=latestyBiblioteka Cyfrowa